000 00741nam a2200205Ii 4500
003 JO-AjNU
008 230605s9999||||xx |||||||||||||| ||und||
040 _aJO-AjNU
_bara
_erda
_cJO-AjNU
041 _aara
050 1 4 _aBP166.I2642 1985
100 3 _aالمالكي، جمال الدين أبي عمرو عثمان بن عمرو,
_eauthor
_915487
245 0 0 _aمنتهى الوصول والأمل في علمي الأصول والجدل
250 _aط1
264 3 1 _aبيروت: دار الكتب العلمية، 1985
300 _a229ص
336 _atext
_btxt
_2rdacontent
337 _aunmediated
_bn
_2rdamedia
338 _avolume
_bnc
_2rdacarrier
650 4 _aالفقه الاسلامي- اصول- علم الكلام
_915488
999 _aA4386
_c7954
_d7954